000 01020nam a22003017a 4500
001 BR7807970
003 BR-BrBNA
005 20230928085843.0
007 ta
008 230509b bl.||||| |||| 00| 0 por d
040 _aBR-BrBNA
_bpor
_cBiblioteca Nacional de Agricultura
041 _a(Por)
072 _aF00
_b0336
_b0180
_b0110
_b/G514
090 _ 0336 BR7807970
100 1 _aSoldateli, D.
110 1 _aAssociacao de Credito e Assistencia Rural do Estado de Santa Catarina, Florianopolis (Brasil)
_9468
245 1 _aAvaliacao dos projetos soja, trigo, cevada, safra: 1977/78 [Santa Catarina, Brasil]
260 3 _aFlorianopolis, SC (Brasil):
_c1978.
300 _a5 p.
500 _a3 tables. (*) Documento disponível na(o) Associacao de Credito e Assistencia Rural do Estado de Santa Catarina, Florianopolis (Brazil)
650 _aPROJETO AGRICOLA
650 _aSOJA
650 _aTRIGO
650 _aCEVADA
650 _aSANTA CATARINA
909 _a202309
_bLucia
_c55
_dLucia Elande
942 _cBK
999 _c26714
_d26714